Представление документа в формате MARC21

Поле Инд. ПП Название Значение
Тип записи a
Библиографический уровень m
001 Контрольный номер RU/IS/BASE/305988243
005 Дата корректировки 20140703180241.2
020 a ISBN 978-5-390-00344-2
040 a Служба первич. каталог. НБ ТвГУ
b Код языка каталог. rus
e Правила каталог. PSBO
041 0_ a Код языка текста rus
080 a Индекс УДК 37.013.83(075.8)
084 a Индекс другой классификации/Индекс ББК Ч44я73-1
090 a Полочн. индекс Ч44
x Авторский знак В 19
100 1_ a Автор Василькова Татьяна Анатольевна
q Полное имя Василькова Т. А.
245 10 a Заглавие Основы андрагогики
b Продолж. заглавия учебное пособие для студентов вузов, обучающихся по специальности "Педагогика"
260 a Место издания Москва
b Издательство КноРус
c Дата издания 2009
300 a Объем 251, [1] с.
b Иллюстрации/ тип воспроизводства табл.
504 a Библиография Библиогр.: с. 249-250 (37 назв.)
650 a Основная рубрика Образование взрослых
650 14 a Основная рубрика Андрагогика
x Основная подрубрика Учебники для вузов
653 a Ключевые слова Андрагогика
a Ключевые слова Взрослые
a Ключевые слова Образование взрослых
910 a гриф есть**
920 a Оператор Густ
930 a Новая/Ретро учебники
952 c Вид литературы К ру
954 a Дата поступления на обработку 20091111